| 000 | 01807cam a2200385 i 4500 | ||
|---|---|---|---|
| 001 | 18635787 | ||
| 003 | OSt | ||
| 005 | 20231204153348.0 | ||
| 008 | 150528s2016 mnu b 001 0deng | ||
| 010 | _a 2015019111 | ||
| 020 | _a9780816698653 (hc : alk. paper) | ||
| 020 | _a9780816698660 (pb : alk. paper) | ||
| 040 |
_aDLC _beng _cDLC _erda _dDLC |
||
| 042 | _apcc | ||
| 043 | _aa-ii--- | ||
| 050 | 0 | 0 |
_aDS481.G3 _bS546 2016 |
| 082 | 0 | 0 |
_a303.61 _bSKA/U |
| 100 |
_aSkaria, Ajay, _eauthor. _910010 |
||
| 245 | 1 | 0 |
_aUnconditional Equality : _bGandhi's Religion of Resistance / _cAjay Skaria. |
| 264 | 1 |
_aMinneapolis : _bUniversity of Minnesota Press, _c[2016] |
|
| 300 |
_axvi, 390 pages ; _c23 cm. |
||
| 336 |
_atext _btxt _2rdacontent |
||
| 337 |
_aunmediated _bn _2rdamedia |
||
| 338 |
_avolume _bnc _2rdacarrier |
||
| 490 | 0 | _aCultural critique books | |
| 504 | _aIncludes bibliographical references and index. | ||
| 505 | 0 | _aSurrender without subordination -- Before Satyagraha -- Stumbling on theological secularism -- Between two and three -- The warrior's sovereign gift -- The aneconomies of Satyagraha -- The impossible gift of fearlessness, for example -- The destruction of conservatism -- Daya otherwise -- The sacrifice of the Gita -- Ciphering the Satyagrahi -- The extreme limit of forgiveness -- The miracle of the gift. | |
| 600 | 1 | 0 |
_aGandhi, _cMahatma, _d1869-1948 _xPhilosophy. |
| 650 | 0 |
_aPassive resistance _zIndia _xHistory. |
|
| 650 | 0 |
_aStatesmen _zIndia _vBiography. |
|
| 651 | 0 |
_aIndia _xPolitics and government _y1919-1947. |
|
| 906 |
_a7 _bcbc _corignew _d1 _eecip _f20 _gy-gencatlg |
||
| 942 |
_2ddc _cBK _h303.61 _iSKA/U _k303.61 _mSKA/U |
||
| 999 |
_c43845 _d43845 |
||